[Event "SA Championship"]
[Site "Adelaide"]
[Date "2006.02.21"]
[Round "2.2"]
[White "Tao, Trevor"]
[Black "Stevens, Tristan"]
[Result "1-0"]
[Annotator "Fritz 9"]
[BlackElo "1855"]
[EventCountry "AUS"]
[EventDate "2006.02.14"]
[EventRounds "9"]
[EventType "tourn"]
[PlyCount "63"]
[WhiteElo "2418"]

{ B01: Scandinavian Defence } 1. e4 d5 2. exd5 Nf6 3. Bb5+ c6 4. dxc6 bxc6 5.
Be2 e5 6. d3 ( 6. Nc3 Bc5 7. d3 Qb6 8. f3 Bxg1 { 0-1 Ruzicka,A  ( 1834 )
-Krivanek,V  ( 2078 ) /Klatovy 2005/CBM 107 ext}  )6... Qb6 $146 ( 6... Bc5 7.
Nf3 e4 ( 7... Ng4 8. O-O f5 9. Nc3 Qf6 10. Qe1 O-O 11. h3 h5 12. hxg4 hxg4 13.
Ng5 g3 14. Na4 Bxf2+ 15. Rxf2 f4 16. Ne4 Qh4 17. Nxg3 fxg3 18. Rxf8+ Kxf8 19.
Bf3 Nd7 20. Qe4 Qh2+ 21. Kf1 Nf6 22. Qxc6 { Maroczy,G-Helling,K/Dresden
1936/HCL/1-0  ( 33 )}  )8. dxe4 Qb6 9. O-O Nxe4 10. Qe1 O-O 11. Nbd2 Re8 12.
Nxe4 Rxe4 13. Qd1 Nd7 14. Bd3 Re7 15. c3 a5 16. Qc2 h6 17. Bf4 Nf6 18. Rae1 Be6
19. Be5 Bxa2 20. Bxf6 Rxe1 21. Rxe1 { Bird,H-Pollock,W/New York 1889/HCL/1-0  (
56 )}  )( 6... Bf5 7. Nf3 Bc5 8. Nc3 Nbd7 9. h3 O-O 10. O-O Qc7 11. Nh4 Be6 12.
Ne4 Nxe4 13. dxe4 Rad8 14. Bd3 g6 15. Bh6 Rfe8 16. Qe2 Rb8 17. b3 Nb6 18. Be3
Be7 19. Nf3 Rf8 20. g4 Kh8 21. Kh1 { Mortimer,J-Blackburne,J/Ostende
1907/HCL/1-0  ( 42 )}  )( 6... Bc5 7. Nf3 $14 )7. Nf3 $16 Bd6 8. Nbd2 Be6 9.
O-O Nbd7 10. Ng5 Bd5 ( 10... Nc5 $18)11. Nge4 ( 11. c4 $5 $18 $142)11... Bc7 (
11... Be7 12. Bg4 $16 )12. Bf3 h5 ( 12... O-O $5 $16)13. Nxf6+ Nxf6 14. Ne4 Ng4
( 14... Nxe4 15. Bxe4 Bxe4 16. dxe4 $18 )15. h3 ( 15. Bxg4 Bxe4 16. Bd7+ Kxd7
17. dxe4+ Ke8 $18 )15... f5 ( 15... Rd8 16. Qe2 Nf6 17. Bg5 Bxe4 18. Bxe4 $18
)16. hxg4 ( 16. Bxg4 $6 hxg4 17. c4 fxe4 $14 )16... hxg4 ( 16... fxe4 17. Bxe4
Bxe4 18. dxe4 $18 )17. Bxg4 fxe4 ( 17... fxg4 18. Qxg4 c5 19. Rd1 $18 )18. dxe4
Bxe4 ( 18... Bf7 { does not solve anything}  19. Be3 c5 20. Qd7+ Kf8 21. b4 $18
)19. Qd7+ ( 19. Be3 $142 { and White has reached his goal}  19... Rd8 20. Bxb6
Rxd1 21. Bxc7 Rxf1+ 22. Rxf1 Bxc2 23. Bxe5 $18 )19... Kf8 20. Be3 c5 ( 20...
Rd8 21. Qxd8+ $3 { A double attack}  21... Bxd8 22. Bxb6 Bxb6 $18 )21. Be6 (
21. f4 { and White can already relax}  21... Rh6 22. fxe5+ Kg8 $18 )21... Bg6
22. b4 $1 { a fitting end to a beautiful game}  22... Bd6 ( 22... cxb4 { A
pinning theme}  23. Bxb6 { Eliminates the defender b6}  )23. bxc5 Bxc5 ( 23...
Rd8 { desperation}  24. cxd6 Rxd7 25. Bxb6 Re7 $18 )24. Rab1 Qd6 25. Rb7 Rh7
26. Rd1 Qe7 ( 26... Bb4 { doesn't change the outcome of the game}  27. Rxd6 Re8
28. Bf7 Rh1+ 29. Kxh1 Re6 30. Qd8+ Re8 31. Qxe8# )27. Bxc5 Qxc5 28. Qd8+ $3 {
Theme: Double Attack}  28... Rxd8 ( 28... Be8 { doesn't change anything
anymore}  29. Rf7+ Kg8 30. Re7+ Kh8 31. Rxe8+ Qf8 32. Rxf8# )29. Rxd8+ Be8 30.
Rf7+ Kg8 31. Rxe8+ Qf8 32. Rfxf8# ( 32. Rexf8#) 1-0

[Event "SA Championship"]
[Site "Adelaide"]
[Date "2006.02.21"]
[Round "2.3"]
[White "Guthrie, Aaron"]
[Black "Cowley, Robert G"]
[Result "1-0"]
[Annotator "Fritz 9"]
[BlackElo "2091"]
[EventCountry "AUS"]
[EventDate "2006.02.14"]
[EventRounds "9"]
[EventType "tourn"]
[PlyCount "53"]
[WhiteElo "2120"]

{ B03: Alekhine's Defence: Four Pawns Attack } 1. e4 Nf6 2. e5 Nd5 3. d4 d6 4.
c4 Nb6 5. f4 dxe5 6. fxe5 Nc6 7. Be3 Bf5 8. Nc3 e6 9. Be2 Be7 10. Nf3 f6 11.
exf6 Bxf6 { Now all is on d4}  12. O-O O-O 13. h3 ( 13. Rc1 Qe7 14. Bf2 Rad8
15. c5 Nd5 16. Re1 Nf4 17. Bb5 Nxd4 18. Nxd4 Bxd4 19. Bxd4 Qg5 20. g3 Bg4 21.
Be2 Nxe2+ 22. Nxe2 Kh8 23. Qc2 e5 24. h4 Qh6 25. Qe4 exd4 26. Nxd4 Qd2 27. Rf1
Rxf1+ { Borm,F  ( 2260 ) -Bohm,H  ( 2410 ) /Amsterdam 1978/MCD/1-0  ( 62 )} 
)13... h6 14. Qd2 Qe7 15. Rad1 Rad8 $146 ( 15... Rae8 16. b3 Kh8 17. Nh2 Rd8
18. Nf3 Bh7 19. Qc1 Rfe8 20. Kh1 Rd7 21. Rd2 Red8 22. Rfd1 Qf7 23. Rf1 Qe7 {
1/2-1/2 Wittmann,R  ( 2305 ) -Holzapfel,D/Germany 1984/GER-chT}  )16. Kh1 Kh8
17. Qc1 Rd7 18. d5 { White gains space}  18... Ne5 19. dxe6 ( 19. Bxb6 Nxf3 20.
Bxc7 $14 ( 20. gxf3 $2 axb6 21. Rf2 Be5 $19 )( 20. Bxa7 $6 { is the weaker
alternative}  20... Nh4 $14 ))19... Bxe6 { Will c4 fall?}  ( 19... Qxe6 $2 {
doesn't solve anything}  20. Nd4 Rxd4 21. Bxd4 $18 )20. Nd5 ( 20. Ne4 Nexc4 21.
Bc5 $16 )20... Bxd5 $15 ( { Worse is } 20... Nxd5 21. cxd5 Bg8 22. Bc5 $18 )21.
cxd5 Rfd8 ( 21... Nxf3 22. Rxf3 Rfd8 23. Bxb6 Qxe2 24. Rf2 $15 )22. Nxe5 Qxe5 {
Increasing the pressure on the isolated pawn on d5}  23. Bd4 Qg5 ( 23... Qxe2
$142 { would allow Black to play on}  24. Bxf6 gxf6 25. Qxh6+ Kg8 $11 )24. Rxf6
$1 $16 { Demolishes the pawn shield}  24... Rxd5 $4 { but even a better move
would not have saved the game.}  ( 24... Qxf6 25. Bxf6 )25. Rxh6+ $18 Kg8 26.
Qxg5 Rxg5 27. Rh5 ( 27. Rh5 Rxh5 28. Bxh5 $18 )( 27. Rh4 { might be the shorter
path}  27... c5 28. Bf2 Rgd5 29. Rxd5 Rxd5 $18 ) 1-0

[Event "SA Championship"]
[Site "Adelaide"]
[Date "2006.02.21"]
[Round "2.4"]
[White "Obst, James"]
[Black "Mdinaradze, Edgar"]
[Result "1-0"]
[Annotator "Fritz 9"]
[BlackElo "1915"]
[EventCountry "AUS"]
[EventDate "2006.02.14"]
[EventRounds "9"]
[EventType "tourn"]
[PlyCount "123"]
[WhiteElo "2054"]

{ A45: Trompowsky Attack } 1. d4 Nf6 2. Bg5 d6 3. Bxf6 exf6 4. Nf3 Be7 5. e3 O-O
6. Bd3 f5 7. O-O $146 { White castles and improves king safety}  ( 7. c4 Bf6 8.
Nc3 c6 9. O-O g6 10. Rb1 a5 11. a3 Nd7 12. b4 axb4 13. axb4 Qc7 14. Ra1 Rxa1
15. Qxa1 b6 16. Qb2 Bb7 17. Rc1 Ra8 18. Be2 Qb8 19. Ne1 Bg7 20. Bf3 Nf6 21. Nd3
Ra7 { Tkeshelashvili,S  ( 2170 ) -Hahn,A  ( 2165 ) /Medellin 1996/Juniors/1-0 
( 52 )}  )7... Bf6 8. Qd2 Nc6 9. c4 Ne7 10. Nc3 g6 11. Rab1 Re8 12. b4 { White
prepares c5}  12... c6 { Controls b5+d5}  13. c5 { This push gains space} 
13... Be6 14. Rfd1 Nd5 15. Ne2 Qc7 16. Qc2 b6 17. Rdc1 dxc5 18. bxc5 b5 19. a4
a6 20. Nd2 Qd7 21. Qb2 Reb8 22. axb5 axb5 23. Ra1 Qb7 24. Bc2 Rxa1 25. Rxa1 Ra8
26. Bb3 Ra6 27. Rxa6 Qxa6 28. Qa2 ( 28. Nc1 $5 $14 { is noteworthy} )28... Qxa2
$11 29. Bxa2 { A minor pieces endgame occured}  29... Kf8 30. Bb3 Ke8 31. g3 {
Covers f4+h4}  31... Kd7 32. Kf1 Bd8 33. Nc1 g5 34. Ke2 h5 35. Nf3 f6 {
Consolidates e5}  36. h4 Nc3+ 37. Kf1 f4 { Black wins space}  ( 37... Bxb3 38.
Nxb3 Ke6 39. hxg5 fxg5 40. Nc1 $11 )38. hxg5 $14 ( { Instead of } 38. exf4 gxf4
39. gxf4 Bxb3 40. Nxb3 Ke6 $15 )38... fxe3 39. Bxe6+ Kxe6 40. g6 { Is this a
dangerous pawn?}  40... exf2 { Black has a new passed pawn: f2.}  ( 40... Nd5
41. Nh4 $14 )41. Nd3 ( 41. Ne2 Nd5 42. Nf4+ Ke7 43. Nxh5 b4 $16 )41... Nd5 (
41... Bc7 42. d5+ { Clearance to allow f3-d4}  42... Nxd5 43. Nd4+ Ke7 44.
Nxc6+ Kf8 45. Kxf2 $11 )42. Kxf2 ( 42. Nf4+ $5 Nxf4 43. gxf4 $16 )42... Bc7 $11
43. Nh4 ( 43. Kg2 f5 $11 )43... Ne7 $15 44. Kf3 Ng8 $4 { Black lets it slip
away}  ( 44... f5 $5 $15)45. Nb4 { White threatens to win material: Nb4xc6}  (
45. g7 $142 Ba5 46. Nf4+ Kf7 47. Nf5 $16 )45... Kd7 $4 ( 45... Ne7 $11 $142 {
would keep Black alive} )46. Nf5 ( 46. d5 $142 { seems even better}  46... cxd5
47. Nf5 $18 )46... Ba5 $16 47. Nd3 Bc3 ( 47... b4 $5 48. d5 cxd5 $16 )48. Ke4
b4 49. Nc1 Ke6 ( 49... Be1 50. Kd3 $18 )50. Nb3 Be1 51. Ng7+ Kd7 52. Nxh5 Ke7 (
52... Ne7 53. Nxf6+ Ke6 54. Nh5 Nxg6 55. g4 $18 )53. d5 ( 53. Na5 { makes it
even easier for White}  53... b3 54. Nxb3 Kd7 $18 )53... cxd5+ 54. Kxd5 Bc3 (
54... f5 55. Kc6 Nf6 $18 )55. Ng7 Nh6 ( 55... f5 { cannot change destiny}  56.
Nxf5+ Kf6 57. g4 $18 )56. c6 ( 56. g4 Be5 57. Nf5+ Nxf5 58. gxf5 Kf8 $18 )56...
Be5 ( 56... Kd8 { cannot change what is in store for ?}  57. Ke6 f5 58. Ne8 $18
)57. g4 Nxg4 ( 57... Bf4 $18 { is the last straw} )58. Nf5+ Kf8 59. Nc5 Ne3+
60. Nxe3 Kg7 61. Nf5+ Kxg6 62. Nd6 ( 62. Nd6 Bf4 63. c7 Kh7 64. c8=Q Bh6 65.
Qf5+ Kg7 66. Ne6+ Kh8 67. Nf7+ Kg8 68. Qg6+ Bg7 69. Qxg7# ) 1-0

[Event "SA Championship"]
[Site "Adelaide"]
[Date "2006.02.21"]
[Round "2.5"]
[White "Riches, L John"]
[Black "Juszczynski, Mathew"]
[Result "0-1"]
[Annotator "Fritz 9"]
[BlackElo "1790"]
[EventCountry "AUS"]
[EventDate "2006.02.14"]
[EventRounds "9"]
[EventType "tourn"]
[PlyCount "70"]
[WhiteElo "1939"]

{ E43: Nimzo-Indian: Rubinstein: 4...b6 } 1. d4 Nf6 2. c4 e6 3. Nc3 Bb4 4. e3 b6
5. f3 O-O 6. Bd3 ( 6. e4 Ba6 ( 6... d5 7. e5 Nh5 8. Nh3 f6 9. a3 Be7 10. Be3
fxe5 11. dxe5 Nc6 12. f4 d4 13. Qxh5 g6 14. Qg4 dxe3 15. Rd1 Qe8 16. Bd3 Bc5
17. b4 Be7 18. Be4 Rb8 19. Ng5 Nd8 20. Nb5 Bxg5 21. Qxg5 { Degtiarev,E  ( 2297
) -Handke,F  ( 2488 ) /Altenkirchen 2005/CBM 106/1-0  ( 41 )}  )7. Bg5 h6 8.
Bh4 d6 9. Bd3 c5 10. a3 Bxc3+ 11. bxc3 Nc6 12. Ne2 e5 13. O-O g5 14. Bf2 Nh5
15. Ng3 Nxg3 16. hxg3 Kg7 17. f4 f6 18. d5 Na5 19. Qe2 Qe8 20. a4 Bc8 { Milov,V
 ( 2626 ) -Milos,G  ( 2633 ) /Buenos Aires 2000/CBM 080/1/2-1/2  ( 69 )}  )6...
d5 7. Ne2 $146 ( 7. cxd5 Nxd5 8. Bd2 Qh4+ 9. g3 Qe7 10. e4 Nxc3 11. bxc3 Ba3
12. Ne2 c5 13. O-O cxd4 14. cxd4 Nc6 15. Qb3 Rd8 16. Be3 Bb7 17. Rad1 Rac8 18.
Bb1 Ba6 19. Bd3 Na5 20. Qb1 Nc4 21. Bf2 Bb7 { Rantanen,M-Vestol,A/Saltsjobaden
1948/MCD/0-1  ( 36 )}  )7... Bb7 8. O-O c5 9. cxd5 exd5 10. a3 Bxc3 11. bxc3 {
White has the pair of bishops}  11... Re8 12. Ng3 Nbd7 13. Ra2 Qc7 ( 13... Nf8
14. Bb5 N8d7 15. Re2 $14 )14. Re2 $16 h5 ( 14... Qd6 $5 $16 $142)15. e4 $18 h4
( 15... Nf8 16. e5 N6h7 17. Nxh5 cxd4 18. cxd4 $18 )16. Nf5 dxe4 ( 16... g6 17.
Nh6+ Kg7 18. e5 $18 )17. fxe4 Nxe4 $4 { a blunder in a bad position.}  ( 17...
c4 18. Bc2 h3 $18 )18. Bxe4 ( 18. Nxg7 $5 $142 { keeps an even firmer grip} 
18... Qc6 19. Nxe8 Nxc3 20. Bh7+ Kh8 $18 )18... Rxe4 19. Bf4 ( 19. Rxe4 $142 {
and the rest is a matter of technique}  19... Bxe4 20. Ne7+ Kf8 21. Bf4 $18
)19... Rxf4 $19 20. Ne7+ Kf8 21. Ng6+ { Demolition of pawn structure}  21...
fxg6 22. Rxf4+ { Eliminates the defender f4}  22... Qxf4 23. Rf2 Qxf2+ 24. Kxf2
Kg8 ( 24... g5 $5 { makes it even easier for Black}  25. Kg1 cxd4 26. Qxd4 $19
)25. Qa4 Nf6 26. Qb3+ $4 { sad, but how else could White save the game?}  ( 26.
dxc5 $142 bxc5 27. Qxh4 $19 )26... Bd5 27. c4 ( 27. Qb5 { is not much help} 
27... Re8 28. dxc5 Ng4+ 29. Kf1 Re6 $19 )27... Ng4+ 28. Kg1 Re8 29. Qc3 ( 29.
Qb1 { hardly improves anything}  29... Be4 30. Qe1 cxd4 $19 )29... cxd4 30. Qd2
( 30. Qc1 { hoping against hope}  30... Ba8 31. Qd1 $19 )30... Bxc4 31. g3 (
31. Qb4 Kh7 32. Qxc4 Re1+ 33. Qf1 Rxf1+ 34. Kxf1 Nxh2+ 35. Ke2 $19 )31... h3
32. Qc1 b5 33. a4 ( 33. Qb1 { is not the saving move}  33... Re2 34. Qf1 d3 35.
Qxh3 Re1+ 36. Qf1 Rxf1+ 37. Kg2 Ne3+ 38. Kh3 d2 39. Kh4 d1=Q 40. h3 Qd8# )33...
Re2 34. axb5 ( 34. Qf1 { is no salvation}  34... Rc2 35. Qxh3 Rc1+ 36. Qf1 Bxf1
37. axb5 Bh3# )34... Rg2+ 35. Kh1 Nf2#  0-1

[Event "SA Championship"]
[Site "Adelaide"]
[Date "2006.02.28"]
[Round "3.1"]
[White "Juszczynski, Mathew"]
[Black "Goldsmith, Alan D"]
[Result "0-1"]
[Annotator "Fritz 9"]
[BlackElo "2059"]
[EventCountry "AUS"]
[EventDate "2006.02.14"]
[EventRounds "9"]
[EventType "tourn"]
[PlyCount "52"]
[WhiteElo "1790"]

{ A31: Symmetrical English: 2 Nf3 Nf6 3 d4 } 1. d4 Nf6 2. c4 c5 3. Nf3 cxd4 4.
Nxd4 e5 5. Nb5 d5 6. cxd5 Bc5 7. N5c3 O-O 8. e3 Ng4 $146 ( 8... e4 9. Qc2 ( 9.
Bc4 a6 ( 9... Nbd7 10. O-O ( 10. Qc2 Ne5 11. Nxe4 Bf5 12. Nxf6+ Qxf6 13. e4 Bg6
14. O-O Rac8 15. Nd2 b5 16. Bb3 Ng4 17. Qd3 Bxf2+ 18. Kh1 Ne3 19. Qxb5 Nxf1 20.
Qxf1 Be3 21. Qxf6 gxf6 22. Nc4 Bxc1 23. Rxc1 Bxe4 24. Rd1 Rfd8 {
Parker,R-Matamoros Franco,C  ( 2395 ) /London 1987/TD/0-1  ( 34 )}  ) 10... Ne5
11. Be2 Bf5 12. Nd2 Re8 13. Nc4 Ng6 14. b3 a6 15. Bb2 b5 16. Nd2 Qd6 17. Rc1
Rad8 18. Qc2 Ba7 19. Rfd1 h5 20. a4 b4 21. Nc4 Qb8 22. Nb1 Nxd5 23. Na5 Nxe3
24. fxe3 { Vega,R-Needleman,A  ( 2411 ) /Dos Hermanas 2004/CBM 099 ext/0-1  (
43 )}  ) 10. a3 Re8 11. Nd2 Bf5 12. Nb3 Bd6 13. Nd4 Bg6 14. Nde2 Nbd7 15. Nf4
Ne5 16. Be2 Bf5 17. Rg1 h6 18. h4 Nfg4 19. Rh1 Rc8 20. Kf1 Nf6 21. Qb3 b5 22.
Bd2 Nc4 23. Be1 Bxf4 { Varga,Z  ( 2460 ) -Fogarasi,T  ( 2500 ) /Budapest
1995/CBM 046 ext/0-1  ( 62 )}  )9... Bf5 10. Nd2 Re8 11. a3 Nbd7 12. b4 Bf8 13.
Bb2 Rc8 14. Qb3 a6 15. Be2 Ne5 16. O-O Bd6 17. Rfd1 Qe7 18. Nf1 h5 19. b5 Nfd7
20. Na4 Bg4 21. Bxg4 Nxg4 22. h3 Nge5 23. Bd4 { Lee,T  ( 2200 ) -Leontxo,O  (
2300 ) /London 1982/MCD/0-1  ( 31 )}  )( 8... Nbd7 9. Be2 $11 )9. Be2 { White
threatens to win material: Be2xg4}  9... Qh4 10. Bxg4 Bxg4 { Black has the pair
of bishops}  11. Qd3 f5 12. O-O $2 ( 12. d6 $142 { and White hangs on}  12...
Rf7 13. O-O $15 )12... e4 $19 13. Qc4 ( 13. Qc2 Bd6 14. f4 exf3 15. gxf3 $19
)13... Bd6 14. g3 Qh3 15. Re1 Rf6 16. Qf1 Qh5 17. Nd2 Nd7 18. Ndxe4 ( 18. Ne2
Bh3 19. Nf4 Bxf4 20. Qe2 $19 )18... fxe4 19. Nxe4 Rh6 ( 19... Ne5 $142 { and
Black can celebrate victory}  20. Nxf6+ gxf6 21. f4 Nf3+ 22. Kf2 Qxh2+ 23. Qg2
Qxg2+ 24. Kxg2 Nxe1+ 25. Kf1 $19 )20. h4 Ne5 21. Ng5 ( 21. f4 { is still a
small chance}  21... Nf3+ 22. Kf2 Nxe1 23. Qxe1 $19 )21... Qxg5 $3 {
Annihilates a defender: g5}  22. f4 ( 22. hxg5 Nf3+ { A double attack}  )22...
Qh5 23. fxe5 Rf8 ( 23... Bxe5 $142 { might be the shorter path}  24. e4 Rg6 $19
)24. Qd3 ( 24. exd6 { there is nothing else anyway}  24... Rxf1+ 25. Rxf1 $19
)24... Qxe5 25. e4 Rf3 26. Bf4 Rxd3 ( 26... Rxd3 27. Bxe5 Bxe5 28. Re2 Rxg3+
29. Kf1 Rxh4 30. Ke1 Rh1+ 31. Kd2 Rxa1 32. Re3 Rg2+ 33. Kd3 b5 34. Rf3 Rd1+ 35.
Ke3 Re1+ 36. Kd3 Bxf3 37. d6 Bxe4# ) 0-1

[Event "SA Championship"]
[Site "Adelaide"]
[Date "2006.02.28"]
[Round "3.2"]
[White "Mdinaradze, Edgar"]
[Black "Riches, L John"]
[Result "1-0"]
[Annotator "Fritz 9"]
[BlackElo "1939"]
[EventCountry "AUS"]
[EventDate "2006.02.14"]
[EventRounds "9"]
[EventType "tourn"]
[PlyCount "107"]
[WhiteElo "1915"]

{ E80: King's Indian: Sämisch: Lines without early ...0-0 } 1. d4 Nf6 2. c4 g6
3. Nc3 Bg7 4. e4 d6 5. f3 e5 6. Nge2 Nfd7 7. d5 $146 { White wins space}  ( 7.
h4 O-O 8. d5 ( 8. h5 exd4 9. Nxd4 Nc6 10. Be3 Nde5 11. Qd2 Nxd4 12. Bxd4 Be6
13. hxg6 fxg6 14. O-O-O Qe7 15. Nd5 Qf7 16. Bc3 c6 17. Ne3 Rad8 18. Be2 a6 19.
Rhf1 b5 20. c5 Qf4 21. Kb1 dxc5 22. Qxd8 Rxd8 { Tolush,A-Cherepkov,A/Leningrad
1957/MCD/1/2-1/2  ( 38 )}  )8... f5 9. exf5 gxf5 10. Bg5 Qe8 11. Qd2 Na6 12. h5
Ndc5 13. h6 Bh8 14. Be3 Qg6 15. O-O-O b6 16. g4 fxg4 17. fxg4 Nb4 18. Bxc5 bxc5
19. Ng3 Rf4 20. a3 Rd4 21. Qf2 Rxd1+ { Shamkovich,L-Cherepkov,A/Leningrad
1957/MCD/1-0  ( 31 )}  )( 7. Be3 Bh6 8. Qd2 ( 8. Bf2 O-O 9. Ng3 Nc6 10. d5 Ne7
11. Bd3 f5 12. b4 Nf6 13. Qc2 fxe4 14. Ngxe4 Nf5 15. Nxf6+ Qxf6 16. Ne4 Qe7 17.
O-O Nd4 18. Qd1 a5 19. a3 Bf5 20. Kh1 axb4 21. axb4 Bxe4 22. Bxe4 Nf5 { Wang
Rui  ( 2481 ) -Boysan,F/Dos Hermanas 2004/CBM 099 ext/1-0  ( 51 )}  )8... Bxe3
9. Qxe3 Nc6 10. O-O-O exd4 11. Nxd4 Nxd4 12. Qxd4 Qg5+ 13. Kb1 Qe5 14. Qd2 Nc5
15. f4 Qg7 16. b4 Na6 17. Nd5 Be6 18. c5 Bxd5 19. exd5 O-O 20. c6 Rab8 21. a3
Rfe8 { Jobava,B  ( 2556 ) -Jacimovic,D  ( 2486 ) /Leon 2001/CBM 086/1-0  ( 62
)}  )7... f5 8. exf5 gxf5 9. Be3 O-O { He knows no fear}  10. Qd2 a5 ( 10...
Nb6 11. b3 $11 )11. h4 { Black's piece can't move: c8}  ( 11. O-O-O Na6 $14
)11... Na6 $11 12. Nc1 ( 12. O-O-O f4 13. Bf2 Ndc5 $15 )12... Ndc5 ( 12... Rf7
13. Be2 $15 )13. Nd3 b6 { Secures c5}  14. Be2 f4 { Black gets more space}  15.
Bf2 Bf5 16. Nxc5 Nxc5 ( { Less advisable is } 16... dxc5 17. O-O-O $16 )17.
Bxc5 bxc5 ( { Not } 17... dxc5 18. O-O-O $16 )18. Bd3 Bxd3 19. Qxd3 Rb8 { Black
threatens to win material: Rb8xb2}  20. O-O-O Qd7 21. Ne4 { A comfortable
square for the white knight}  21... Bh6 ( 21... Rb4 22. Kb1 $11 )22. Kb1 Qf5
23. Rdg1 Kh8 24. Qc2 ( 24. g3 fxg3 25. Rxg3 a4 $11 )24... Qd7 25. Rd1 Qg7 26.
Rd3 Rg8 27. Rh2 Qe7 ( 27... Rb4 28. a3 Rb7 29. Rb3 Rxb3 30. Qxb3 $14 )28. Ra3
$14 { White threatens to win material: Ra3xa5}  28... Rg7 ( 28... Ra8 $14)29.
Rd3 ( 29. Rxa5 $5 Qe8 30. Ra6 $16 )29... Qe8 30. Rb3 Rg6 ( 30... Rb4 31. a3
Rxb3 32. Qxb3 $14 )31. Rxb8 { White pins: Rb8xe8}  31... Qxb8 32. a3 Qg8 33.
Kc1 Rg3 { The black rook is well posted.}  34. Qf2 Bf8 ( 34... Qb8 $11)35. Kc2
( 35. Qd2 Rg7 $14 )35... Be7 ( 35... c6 36. Qd2 ( 36. Nxg3 { would lead to
instant doom}  36... fxg3 37. Qf1 gxh2 38. dxc6 Bh6 $19 )36... Rg7 37. b3 cxd5
38. Qxd5 $11 )36. Qf1 ( 36. Nxg3 $4 { a gruesome error}  36... fxg3 37. Qg1
Qg6+ 38. Kc3 gxh2 39. Qxh2 Qb1 $19 )36... Rg6 37. Kd3 { White king safety
dropped}  ( 37. Kb1 Rg7 $11 )37... Qb8 { Black threatens to win material:
Qb8xb2}  38. Kc2 a4 { White has a new backward pawn: b2}  39. Qd3 Qg8 40. Kc3
$2 ( 40. Qe2 $5 $11 $142 { is the best option White has} )40... Rxg2 $17 41.
Rxg2 Qxg2 42. Nd2 Bxh4 ( 42... Qh3 $142 43. Qc2 Kg7 $19 )43. Qf1 $2 ( 43. Qf5
$5 $15)43... Qg8 ( 43... Qxf1 $5 44. Nxf1 Be1+ 45. Kc2 $19 )44. Qd1 ( 44. b3
axb3 45. Ne4 b2 46. Kxb2 Qc8 $17 )44... Qa8 45. b3 axb3 46. Qxb3 ( 46. Qh1 Qa5+
47. Kxb3 Qxd2 48. Qxh4 Qd3+ 49. Kb2 Qe2+ 50. Kb3 Qxf3+ 51. Ka4 $15 )46... Be1
47. Kc2 h5 $4 { hands over the advantage to the opponent}  ( 47... Bxd2 $142 {
and Black can already relax}  48. Kxd2 Kg7 $19 )48. Ne4 ( 48. Qb1 Bf2 49. Kd1
Qe8 $11 )48... h4 ( 48... Qe8 $5 $17)49. Kd1 { White threatens to win material:
Kd1xe1}  49... Bg3 ( 49... Ba5 50. Qc2 $17 )50. Qd3 ( 50. Qb1 Qd8 51. Nd2 Kg7
$11 )50... Qg8 { Black has a decisive advantage}  ( 50... Qe8 51. Ng5 e4 52.
Nxe4 Qg6 53. Qc3+ Qg7 $11 )51. Nf6 $11 { White threatens to win material:
Nf6xg8}  51... Qg7 { Black threatens to win material: Qg7xf6}  ( 51... Qf7 $5 {
should be examined more closely}  52. Qf5 Kg7 53. Nh5+ Kg8 54. Qg5+ Kf8 55.
Qd8+ Qe8 56. Qf6+ Qf7 57. Qd8+ Qe8 58. Qf6+ Qf7 59. Qd8+ $11 )52. Qf5 $14 {
White has a mate threat}  52... Qf7 $4 ( 52... Qh6 $14 $142 { saving the game}
)53. Qg5 $18 Qf8 54. Qg6 ( 54. Qg6 Qxf6 55. Qxf6+ Kh7 56. Qe7+ Kh6 57. Qxc7 Bh2
58. Qxd6+ Kh7 59. Qd7+ Kh8 60. d6 e4 61. Qc8+ Kg7 62. d7 Kf7 63. Qe8+ Kg7 64.
d8=Q h3 65. Qg5+ Kh7 66. Qeg8# ) 1-0